00388nam a2200145Ia 4500008004100000020001500041041001200056082001600068100002300084245007500107260002500182300000900207650000800216700001800224221030s9999 xx 000 0 und d a0074624776 aEnglish a105.23bBha aS. K. Bhattacharya 0aIndustrial Electronics & Controlcby S. K. Bhattacharya, S. Chatterjee bTMHaNew Delhic1992 a2002 aECE aS. Chatterjee